000 00542 a2200193 4500
001 48620
005 20260407155751.0
008 260407a1960 arg spa d
003 AR-UNSa-BCEJYS
040 _aAR-UNSa-BCEJYS
_bspa
_cAR-UNSa-BCEJYS
080 _a512/517
_xAlgebra/Análisis
245 1 0 _aAlgebra y Cálculo numérico
264 1 _aBuenos Aires :
_bKapelusz
_c1960
300 _a726 p.
_c23 cm.
942 _cBK
590 _aniveau_biblio:m niveau_hierar:0
100 1 _aSagastume Berra, Alberto
700 1 _aFernández, Germán
999 _c4648
_d4648